Score 0/16 Timer 02:00
0 Plays Today
Clue 4-Letter Word % Correct
'And ___ There Were None'THEN
98.4%
Where a beard growsCHIN
98.2%
Someone over twelve and under twentyTEEN
97.3%
Slender or slimTHIN
97.1%
TV button to stop soundMUTE
94.2%
A long-lasting hair wave done at a salonPERM
89.9%
Portion of a schoolyearTERM
89.7%
Become filled to overflowingTEEM
84%
Clue 4-Letter Word % Correct
Mrs. Potts' son in 'Beauty and the Beast'CHIP
83.5%
UntaintedPURE
83.3%
French for fatherPÈRE
82.3%
Decoy for attracting fish on the end of a lineLURE
80.5%
Stringed instrument with a pear-shaped bodyLUTE
80%
A short piece of film shown as a promoCLIP
79.8%
The [First Rung] or any of 8 other sister goddesses, e.g.MUSE
57.9%
The Greek [Last Rung] of historyCLIO
31.9%

Today's Daily Dose

Remove Ads.
Support Sporcle.
Get the best of Sporcle when you Go Orange. This ad-free experience offers more features, more stats, and more fun while also helping to support Sporcle. Thank you for becoming a member.

You're not logged in!

Compare scores with friends on all Sporcle quizzes.
OR
Log In

Show Comments

Extras

Top Quizzes Today


Score Distribution

Your Account Isn't Verified!

In order to create a playlist on Sporcle, you need to verify the email address you used during registration. Go to your Sporcle Settings to finish the process.

Report this User

Report this user for behavior that violates our Community Guidelines.

Details: